1038 1112 1989 1122 1919 1236 1900 1834 1204 1587 1223 1685 1586 1418 1687 1583 1896 1462 1643 1707 1247 1962 1692 1092 1940 1986 1709 1498 1295 1895 1568 1708 1171 1348 1754 1377 2000 1148 1133 1588 1920 1236 1243 1922 1650 1521 1293 1682 1397 1279 1085 1153 1996 1777 1543 1201 1937 1089 1172 1719 1828 1039 1467 1586 1752 1016 1522 1923 1472 1646 1063 1477 1285 1180 1578 1279 1139 1527 1040 1472 1978 1630 1658 1017 1251 1144 1510 1314 1187 1253 1395 1171 1851 1141 1811 1683 1101 1288 1865 BCNSPRNW ULIB Ver.6.0+V

เปลี่ยนเป็นภาษาไทย

Change to English
 แสดงรายละเอียดบรรณานุกรม
  กลับหน้าหลัก

Brief Record : Get Marc (ISO 2709) : E-mail record : QR code < ปิดหน้าต่าง
LEADER : 00000nam 2200000uu 4500
001    13399112710
003     ULIB
008    110905s2547||||th 000 0 tha d
050 04 LB3^bพ361ร 2547
110 1  วิทยาลัยพยาบาลบรมราชชนนี อุตรดิตถ์
245 00 รายงานสรุปการประชุมเรื่อง การพัฒนาศักยภาพของบุคลากรเพื่อรองรับการออกนอกระบบ /^cวิทยาลัยพยาบาลบรมราชชนนี อุตรดิตถ์
260    อุตรดิตถ์ :^bวิทยาลัยพยาบาลบรมราชชนนี อุตรดิตถ์,^c2547
300    112 หน้า
650  7 การออกนอกระบบบุคลากร^xการประชุม
945    ^p0^l0^i016438
995    ทศพร
999 ^a ทศพร
รายการนี้ยังไม่มีแท็ก
คุณยังไม่ได้ล็อกอิน คุณสามารถมีกิจกรรมร่วมกับเว็บไซต์ได้ แต่ต้องล็อกอินก่อน ::
  ล็อกอิน

รายการสื่อสารสนเทศ

ลำดับที่ ประเภท เลขเรียก/บาร์โค้ด สถานที่ สถานะ
- ไม่พบข้อมูล -

BibComment


ยังไม่เคยถูกคอมเมนท์

คอมเมนท์ทรัพยากรรายการนี้
  คอมเมนท์: รายงานสรุปการประช..


 Copyright 2026. Bcnsprnw @Library